Presenta una norma de higiene y seguridad ocupacional y análisis, evaluación y prevención de los riesgos laborales existentes en el departamento de producción de SAYCO S.A.
Presenta una norma de higiene y seguridad ocupacional y análisis, evaluación y prevención de los riesgos laborales existentes en el departamento de producción de SAYCO S.A.
| Main Authors: | , , |
|---|---|
| Other Authors: | |
| Format: | Tesis Section = Libro |
| Language: | Undetermined Spanish |
| Published: |
Managua
UNI
2014
|
| Subjects: |
| LEADER | 01204nam a2200277Ia 4500 | ||
|---|---|---|---|
| 008 | 240830s9999 xx 000 0 und d | ||
| 040 | |a BIBLIOTECA-RUPAP Mon 363.11 M828 | ||
| 041 | |a spa | ||
| 082 | |a Mon 363.11 M828 | ||
| 100 | 1 | |a Morales Morales, María Lucia | |
| 100 | 1 | |b Hernández Martínez, Emmanuel | |
| 100 | 1 | |c Espinoza Bone, Axel | |
| 245 | 1 | 0 | |a Presenta una norma de higiene y seguridad ocupacional y análisis, evaluación y prevención de los riesgos laborales existentes en el departamento de producción de SAYCO S.A. |
| 260 | |a Managua |b UNI |c 2014 | ||
| 300 | |a 195 p. :il. | ||
| 502 | |a Tesis (Ingeniero Industrial)- UNI, 2014. | ||
| 520 | 3 | |a Presenta una norma de higiene y seguridad ocupacional y análisis, evaluación y prevención de los riesgos laborales existentes en el departamento de producción de SAYCO S.A. | |
| 650 | 7 | |a RIESGOS OCUPACIONALES E INDUSTRIALES | |
| 650 | 7 | |b EVALUACION DE RIESGOS -NORMATIVA | |
| 650 | 7 | |c PREVENCION DE ACCIDENTES | |
| 650 | 7 | |d SEGURIDAD OCUPACIONAL | |
| 650 | 7 | |e INDUSTRIA PLASTICA SAYCO-MEDIDAS DE SEGURIDAD | |
| 700 | 1 | |a Tutor: |b Gutiérrez Martínez, Marbel Evaristo | |
| 942 | |c BK |2 ddc | ||
| 991 | |a TESIS | ||
| 999 | |c 15476 | ||